000 00886nam0a22002531 4500
001 rc\4342574
005 20130416134607.9
035 _a(NLR Aleph) 008275046
090 _a8480587
_c8480587
100 _a20130416d1968 |||y0rusy50 ca
101 0 _arus
102 _aRU
105 _aa z |||||
200 1 _aСистемы автоматической регулировки усиления
_fКиевское высш. артиллер. инж. ордена Ленина краснознам. училище им. С.М. Кирова
210 _aКиев
_cБ. и.
_d1968
215 _a37 с., 1 л. схема
_cил.
_d21
300 _aОтпеч. множит. аппаратом
700 1 _aЕсипов
_bВ. Г.
701 1 _aОзеряный
_bН. А.
801 0 _aRU
_bNLR
_gpsbo
801 1 _aRU
_bELAR
_2rusmarc
852 _aNLR
_j50К/18405
942 _cBOOK
980 _aNB